Quizzes
Events
Quiz Creation
Community
Videos
Private Events
Remove Ads
Sign In
Join for FREE
Feedback
Dark Mode
Quiz Categories
Sports
Geography
Music
Movies
Television
Just For Fun
Miscellaneous
History
Literature
Language
Science
Gaming
Entertainment
Religion
Holiday
For Kids
Quiz Lab
Recent
Popular Today
Quiz Kudos Today
Editor Picks
Curator Picks
Quizzes by...
Day
Popularity
Type
Ratings
Length
Year
Community
Subscriptions
Recent Discussions
Orange Saloon
Badges
Playlists
Quests
Create
Leaderboards
Showdown
Live 5
Trivia Bingo
Activity
Puzzle Library
Sporcle Events
Private Events
Virtual Trivia
Globe League
Become a Host
Pub Owners
SporcleCon
Opinionation
Our Games
Videos
Blog
Mobile Apps
Partnerships
Remove Ads and Go Orange
Feedback
Just For Fun
Clickable
Get the Picture
Humor
Quick Pick
Word Ladder
Missing Word
Mixed Word
Blitz
Minefield
This or That
Alphabet
Color
Typing
Sporcle
Puzzle
Word Play
Follow That Line
Logic
Just For Fun
Clickable
Get the Picture
Humor
Quick Pick
Word Ladder
Missing Word
Mixed Word
Blitz
Minefield
This or That
Alphabet
Color
Typing
Sporcle
Puzzle
Word Play
Follow That Line
Logic
Random Quiz
Search Sporcle
×
Quiz Lab
Quiz Lab
Just For Fun
Color
Type in answers that appear in a list
Type in answers that appear in a list
Classic
Best Score? Go Orange.
Colours of the Rainbow - Fast! Stats
Can you name the colours of the Rainbow - Fast!?
By
IgglePiggle
60s
105 Questions
171 Plays
171 Plays
171 Plays
Comments
Comments
Give Quiz Kudos
Give Quiz Kudos
-
- Ratings
hide this ad
Forced Order
Answers have to be entered in order
Answers have to be entered in order
Replay
Link that replays current quiz
Next Quiz
Link to next quiz in quiz playlist
You Got
0%
They Got
Avg Score
20%
Avg Friend Score
Upgrade to see
Score Distribution
Jump to the score distribution portion of the page
Score
0/105
Timer
01:00
0
Plays Today
Colours
% Correct
Red
100%
Orange
92.4%
Yellow
90.1%
Green
88.3%
Blue
88.3%
Indigo
78.9%
Violet
73.7%
Red
56.1%
Orange
53.2%
Yellow
53.2%
Green
49.7%
Blue
48.5%
Indigo
47.4%
Violet
45.6%
Red
45%
Orange
43.3%
Yellow
43.3%
Green
42.1%
Blue
38.6%
Indigo
37.4%
Violet
36.3%
Red
34.5%
Orange
33.3%
Yellow
32.7%
Green
32.2%
Blue
31.6%
Indigo
30.4%
Violet
29.8%
Red
27.5%
Orange
25.1%
Yellow
23.4%
Green
23.4%
Blue
23.4%
Indigo
23.4%
Violet
22.2%
Colours
% Correct
Red
21.1%
Orange
20.5%
Yellow
19.9%
Green
19.9%
Blue
19.9%
Indigo
19.3%
Violet
18.1%
Red
16.4%
Orange
14.6%
Yellow
14.6%
Green
14.6%
Blue
14.6%
Indigo
14.6%
Violet
13.5%
Red
13.5%
Orange
13.5%
Yellow
12.9%
Green
12.9%
Blue
12.9%
Indigo
12.3%
Violet
11.1%
Red
11.1%
Orange
9.4%
Yellow
8.8%
Green
6.4%
Blue
5.8%
Indigo
4.7%
Violet
3.5%
Red
3.5%
Yellow
2.9%
Orange
2.9%
Yellow
2.9%
Green
2.9%
Blue
2.9%
Indigo
2.9%
Colours
% Correct
Violet
2.9%
Red
2.9%
Orange
2.9%
Yellow
2.9%
Green
2.9%
Blue
2.9%
Indigo
2.9%
Violet
2.9%
Red
2.9%
Orange
2.9%
Green
2.9%
Blue
2.9%
Indigo
2.9%
Violet
2.3%
Red
1.8%
Orange
1.8%
Yellow
1.8%
Green
1.8%
Blue
1.8%
Indigo
1.8%
Violet
1.8%
Red
1.8%
Orange
1.8%
Yellow
1.8%
Green
1.8%
Blue
1.8%
Indigo
1.8%
Violet
1.8%
Red
1.8%
Orange
1.8%
Yellow
1.2%
Green
1.2%
Blue
1.2%
Indigo
1.2%
Violet
1.2%
Quiz Playlist
Details
Report
Send in Message
Add To Playlist
Classic:
Type in answers that appear in a list
Forced Order:
Answers have to be entered in order
Last Updated: Feb 16, 2017
Quiz Scoreboard
CHALLENGE
Sign Up to Join the Scoreboard
Show All
Scores
Hide
Comments
May contain spoilers
Recently Published
An Introduction to Baseball
by treessimontrees
Sports
5m
Movies - When Are They Set?
by FPL_Elf
Movies
5m
Popular People in 1961
by mucciniale
History
6m
More to Explore
Quiz From the Vault
Featured Blog Post
Where Did the Easter Bunny Come From?
hide this ad
You Might Also Like...
Tags
Color Quiz
Rainbow
Today's Top Quizzes in Just For Fun
Browse Just For Fun
hide this ad
Today's Top Quizzes in Color
Browse Color
Top Contributed Quizzes in Just For Fun
1
Crossword Whiteout! 49
2
Harry Potter Logic - 'In Chains' II
3
Killer Double Trees 224 - Colour Match-Up
4
Survivor Winners Logic Puzzle
5
Zeroing In: Just For Fun
6
Word Ladder: Ahoy Matey
7
Thermometer Puzzle 25
8
Aquarium Logic Puzzle 17
9
Edinburgh Fringe jokes 2015
10
Big Thermometer Puzzle 21
Explore More
Trending Topics
Kpop
Crossword
NBA
Disney
Harry Potter
Marvel
Anime
WWE
Country
Song
Pokémon
Puzzle
The Office
Soccer
NFL
hide this ad
More By:
IgglePiggle
Quiz
Plays
Rating
Category
Featured
Created
Songs on 'Fearless'
41,529
4.24
Music
Sep 26, 2009
Can you name the 'Jonas Brothers' songs?
3,553
1.50
Music
Oct 18, 2009
Name Types of Clothing
2,394
2.18
Miscellaneous
Sep 29, 2009
Random Facts about The Beatles
418
3.00
Music
Jan 6, 2011
Colours of the Rainbow - Fast!
171
2.00
Just For Fun
Dec 15, 2010
Go to Creator's Profile
Score Distribution
Quiz Creator Spotlight
IgglePiggle
Follow
Send a Message
Quizzes Created
-
Created Quiz Play Count
-
More By This Creator
Popular Quizzes Today
1
Find the Countries of Europe - No Outlines Minefield
2
Find the US States - No Outlines Minefield
3
The Countries of the World
4
Popular People in 1961
5
US States
6
Find the US States
7
1-10 Letter E Words III
8
Risky Map Clicking: Biggest States A-Z
More Just For Fun Quizzes
Get the Picture: Dan Marino or Jim Kelly?
Published
Trending Quizzes
Risky Map Clicking: Least Populous States A-Z
1-10 Letter F Words
1-10 Letter G Words
One Thing in Common: United Kingdom
Risky Map Clicking: Next State Alphabetically
Recently Updated
Leaping Animals
pecheneg
Reality TV Shows (A-Z)
bhenderson79
Rickey Henderson's Hall of Fame Teammates
pecheneg
Champions League XIs: Arsenal
pecheneg
Quick Pick: Celebrities in WWE's Hall of Fame
aduchscher
A-Z Keypad Blitz II
pecheneg
Multiple Oscar Actors
pecheneg
Mystery Phrase Blitz: Oscar 'Best Actors'
pecheneg
F. Scott Fitzgerald Novels
LTH
Pick 3 Villains
ddd62291
Trending Topics
Disney
Kpop
Anime
Harry Potter
NBA
Crossword
Marvel
Song
The Office
NFL
WWE
Pokémon
Puzzle
Country
Soccer
Your Account Isn't Verified!
In order to create a playlist on Sporcle, you need to verify the email address you used during registration. Go to your
Sporcle Settings
to finish the process.
Report this User
Report this user for behavior that violates our
Community Guidelines
.
Details:
Send Report
Go to the Sporcle.com Mobile Site →
Comments